| 000 | 00704nam a2200229 a 4500 | ||
|---|---|---|---|
| 001 | BRCA_6327 | ||
| 005 | 20190320205419.0 | ||
| 008 | 100811s1874----enk#######---#000-0#eng-# | ||
| 041 | _aeng | ||
| 044 | _aenk | ||
| 050 | 4 |
_aG3 _bJ68 1874 |
|
| 110 | 2 |
_aAmerican Geographical Society of New York _915870 |
|
| 245 | 1 | 0 |
_aJournal of the American Geographical Society of New York _cedited by the recording secretary. |
| 260 |
_aLondres _bTrubner & Co. _c1874 |
||
| 300 |
_a468 p. _bil., mapas _c23 cm. |
||
| 500 | _avol. IV, año 1873. | ||
| 500 | _aRevista inventariada por Banco de México como libro. | ||
| 500 | _aK164 | ||
| 650 | 1 | 4 |
_aGeografía _xSociedades _915871 |
| 902 | _aGFM | ||
| 942 |
_2lcc _cB |
||
| 999 |
_c6013 _d6013 |
||